Countries With The Most German Speakers - Statistics

General Stats
  • This quiz has been taken 89 times
    30 since last reset
  • The average score is 22 of 25
Answer Stats
Total Country % Correct
41,970 Czech Republic
100%
69,4 mil Germany
100%
5,1 mil Switzerland
100%
1,3 mil United States
100%
79,350 Australia
96%
7,2 mil Austria
96%
281,870 Canada
96%
96,460 Poland
96%
76,920 Belgium
92%
24,560 Denmark
92%
1,2 mil France
92%
38,250 Hungary
92%
62,740 Russia
92%
42,300 New Zealand
88%
192,660 Spain
88%
72,000 Sweden
88%
21,450 Luxembourg
85%
443,500 Argentina
81%
48,820 South Africa
81%
1,5 mil Brazil
77%
34,440 Liechtenstein
77%
60,120 Chile
69%
26,560 Romania
65%
39,000 Paraguay
58%
145,000 Israel
46%
No matching quizzes found
Score Distribution
Percent of People with Each Score
Percentile by Number Answered
Your Score History
You have not taken this quiz since the last reset